000 00458nam a2200157 i 4500
001 25866
003 ES-MaACL
005 20230906153339.0
007 t|
008 030103s1965 sp ||||1| spa d
100 1 _aArjona Ciria, Antonio.
_922890
245 1 0 _aPlanificación y control de producción /
_cpor Antonio Arjona Ciria.
260 _aBilbao :
_bDeusto,
_c[1965]
300 _aXVI, 490 p. :
_bil. ;
_c29 cm.
852 _aES-MaACL
_jC-27543
_bR.57407
999 _c25866
_d25866